| 000 | 01690nam0a2200385 4500 | ||
|---|---|---|---|
| 001 | RU\NLR\bibl\183248 | ||
| 005 | 20250618063451.0 | ||
| 010 |
_a5-7493-0329-2 _9500 |
||
| 021 |
_aRU _b2001-21375 _91012 |
||
| 035 | _a(NLR Aleph) 000179855 | ||
| 090 |
_a1038185 _c1038185 |
||
| 100 | _a20010731d2001 |||y0rusy50 ca | ||
| 101 | 0 | _arus | |
| 102 | _aRU | ||
| 105 | _aa ||||||||| | ||
| 200 | 1 |
_aПроблемы и опыт развития внутрихозяйственных отношений на сельскохозяйственном предприятии _e(На примере федер. гос. унитар. предприятия учхоз "Новинки" Нижегор. обл.) _fЕ. И. Ивашин |
|
| 210 |
_aСаранск _cКрас. Окт. _d2001 |
||
| 215 |
_a65, [1] с., [8] л. цв.ил. _cил., цв.ил. _d20 |
||
| 320 | _aБиблиогр.: с. 64-65 (24 назв.) | ||
| 606 | 0 |
_aСельскохозяйственные предприятия _xВнутрихозяйственные отношения _yНижегородская обл. _92220488 _3RU\NLR\auth\661333376 |
|
| 610 | 0 | _aСельскохозяйственные предприятия - Хозяйственный расчет | |
| 610 | 0 | _aНижегородская обл., сел. хоз-во | |
| 675 |
_a631.15(470.341) _v3 _zrus |
||
| 686 |
_a68.01 _2rugasnti |
||
| 686 |
_a65.32 _2rubbk |
||
| 686 | _aУ32(2)-872(2Р-4Г) | ||
| 700 | 1 |
_aИвашин _bЕ. И. _4070 |
|
| 801 | 0 |
_aRU _bRKP _c20010731 _gPSBO |
|
| 801 | 1 |
_aRU _bRKP _c20010731 |
|
| 801 | 2 |
_aRU _bNLR _c20011018 _grcr |
|
| 942 | _cBOOK | ||
| 980 | _aNB | ||
| 980 | _aNBR | ||